<?xml version="1.0" encoding="UTF-8"?>
<record
    xmlns:xsi="http://www.w3.org/2001/XMLSchema-instance"
    xsi:schemaLocation="http://www.loc.gov/MARC21/slim http://www.loc.gov/standards/marcxml/schema/MARC21slim.xsd"
    xmlns="http://www.loc.gov/MARC21/slim">

  <leader>01514nam a22002297a 4500</leader>
  <controlfield tag="003">OSt</controlfield>
  <controlfield tag="005">20241113151249.0</controlfield>
  <controlfield tag="008">241113b           ||||| |||| 00| 0 spa d</controlfield>
  <datafield tag="020" ind1=" " ind2=" ">
    <subfield code="a">9788431542191</subfield>
  </datafield>
  <datafield tag="040" ind1=" " ind2=" ">
    <subfield code="c">CO-Mq BPB</subfield>
  </datafield>
  <datafield tag="041" ind1=" " ind2=" ">
    <subfield code="a">spa</subfield>
  </datafield>
  <datafield tag="082" ind1=" " ind2=" ">
    <subfield code="a">636.7</subfield>
    <subfield code="b">G65p</subfield>
  </datafield>
  <datafield tag="100" ind1=" " ind2=" ">
    <subfield code="a">G&#xF3;mez Ferran, Anna</subfield>
    <subfield code="e">autor</subfield>
  </datafield>
  <datafield tag="245" ind1=" " ind2=" ">
    <subfield code="a">Peluquer&#xED;a Canina</subfield>
  </datafield>
  <datafield tag="264" ind1=" " ind2=" ">
    <subfield code="a">Barcelona;</subfield>
    <subfield code="b">Editorial De Vecchi, S.A.U</subfield>
    <subfield code="c">2010</subfield>
  </datafield>
  <datafield tag="300" ind1=" " ind2=" ">
    <subfield code="a">152 p&#xE1;ginas</subfield>
    <subfield code="b">Tapa dura, ilustraciones a color</subfield>
    <subfield code="c">25 cm</subfield>
  </datafield>
  <datafield tag="521" ind1=" " ind2=" ">
    <subfield code="a">En la &#xFA;ltima d&#xE9;cada, la peluquer&#xED;a canina ha experimentando en nuestro pa&#xED;s un desarrollo espectacular. Lo que hasta hace unos a&#xF1;os era un oficio artesano ha ido evolucionando hasta convertirse en una profesi&#xF3;n art&#xED;stica en la que hay que trabajar con creatividad e imaginaci&#xF3;n. La autora, gran experta, vuelca en esta obra toda su experiencia did&#xE1;ctica que aplica en su profesi&#xF3;n y trasmite a sus alumnos: caracter&#xED;sticas de los distintos tipos de manto canino, t&#xE9;cnicas de acicalamiento m&#xE1;s habituales, estrategias a seguir con cada raza. Tambi&#xE9;n da respuesta a las preguntas que los aficionados se plantean con m&#xE1;s frecuencia y aporta informaci&#xF3;n detallada sobre las principales razas que requieren un arreglo especial de manto. En definitiva, una obra que servir&#xE1; de gu&#xED;a y apoyo a los nuevos peluqueros y a todos aquellos que deseen iniciarse en la peluquer&#xED;a canina.</subfield>
  </datafield>
  <datafield tag="650" ind1=" " ind2=" ">
    <subfield code="a">Peluquer&#xED;a canina </subfield>
  </datafield>
  <datafield tag="650" ind1=" " ind2=" ">
    <subfield code="a">Agropecuarios y Zootecnia</subfield>
  </datafield>
  <datafield tag="650" ind1=" " ind2=" ">
    <subfield code="a">Animales de compa&#xF1;ia</subfield>
  </datafield>
  <datafield tag="942" ind1=" " ind2=" ">
    <subfield code="2">ddc</subfield>
    <subfield code="c">BK</subfield>
  </datafield>
  <datafield tag="999" ind1=" " ind2=" ">
    <subfield code="c">15752</subfield>
    <subfield code="d">15752</subfield>
  </datafield>
  <datafield tag="952" ind1=" " ind2=" ">
    <subfield code="0">0</subfield>
    <subfield code="1">0</subfield>
    <subfield code="2">ddc</subfield>
    <subfield code="4">0</subfield>
    <subfield code="7">0</subfield>
    <subfield code="8">GEN</subfield>
    <subfield code="a">BPMOS</subfield>
    <subfield code="b">BPMOS</subfield>
    <subfield code="c">GEN</subfield>
    <subfield code="d">2024-11-13</subfield>
    <subfield code="e">Donaci&#xF3;n</subfield>
    <subfield code="i">NT</subfield>
    <subfield code="l">0</subfield>
    <subfield code="o">636.7 G65p</subfield>
    <subfield code="p">MOS503997</subfield>
    <subfield code="r">2024-11-13</subfield>
    <subfield code="t">Ej.1</subfield>
    <subfield code="w">2024-11-13</subfield>
    <subfield code="y">BK</subfield>
    <subfield code="z">Ocho dias</subfield>
  </datafield>
</record>
